Indian doctoral dissertations in english studies (Record no. 107444)

MARC details
000 -LEADER
fixed length control field 00594nam a2200217Ia 4500
003 - CONTROL NUMBER IDENTIFIER
control field OSt
005 - DATE AND TIME OF LATEST TRANSACTION
control field 20260216094941.0
008 - FIXED-LENGTH DATA ELEMENTS--GENERAL INFORMATION
fixed length control field 210210b2000 xxu||||| |||| 00| 0 eng d
020 ## - INTERNATIONAL STANDARD BOOK NUMBER
International Standard Book Number 81 7156 904 8
040 ## - CATALOGING SOURCE
Transcribing agency AL
041 ## - LANGUAGE CODE
Language code of text/sound track or separate title English
082 ## - DEWEY DECIMAL CLASSIFICATION NUMBER
Classification number 820.072 KUSI
100 N# - MAIN ENTRY--PERSONAL NAME
Personal name Kushwaha M S
9 (RLIN) 254976
245 ## - TITLE STATEMENT
Title Indian doctoral dissertations in english studies
Remainder of title : a reference guide
260 ## - PUBLICATION, DISTRIBUTION, ETC.
Place of publication, distribution, etc. N D
Name of publisher, distributor, etc. Atlantic Publishers & distributors.
Date of publication, distribution, etc. 2000
300 ## - PHYSICAL DESCRIPTION
Extent xiv,305
690 ## - LOCAL SUBJECT ADDED ENTRY--TOPICAL TERM (OCLC, RLIN)
Topical term or geographic name as entry element English Literature
9 (RLIN) 254978
700 ## - ADDED ENTRY--PERSONAL NAME
Personal name Naseem, Kamal
9 (RLIN) 254979
906 ## - LOCAL DATA ELEMENT F, LDF (RLIN)
a 060474
942 ## - ADDED ENTRY ELEMENTS (KOHA)
Source of classification or shelving scheme Dewey Decimal Classification
Koha item type Book
Holdings
Withdrawn status Lost status Source of classification or shelving scheme Damaged status Not for loan Collection code Home library Current library Date acquired Source of acquisition Cost, normal purchase price Total Checkouts Full call number Barcode Date last seen Price effective from Koha item type
    Dewey Decimal Classification     English St Aloysius Library St Aloysius Library 02/17/2021 Higginbothams (P) Ltd., Mangalore-01. 595.00   820.072 KUSI 060474 02/17/2021 02/17/2021 Book